000 00588nam a22002177a 4500
003 OSt
005 20140310181920.0
008 130718t xxu||||| |||| 00| 0 eng d
020 _a9780435044152
050 _aQA 36.5
_b.T944 2010
082 _aTR 510
_bT85b 2010
100 _aTurner, D A
_91559
245 _aEdexcel IGCSE mathematics A : practice book 2 /
_cD.A. Turner
260 _aEngland :
_bPearson,
_cc2010.
300 _a83 p. :
_bill. ;
_c25 cm.
521 _aFaculty
541 _j1
562 _e1
650 _a Mathematics.
_9210
942 _2lcc
_cBK-TR
_kTR
999 _c6970
_d6970